| 000 | 00434nam a2200157 4500 | ||
|---|---|---|---|
| 001 | 139901 | ||
| 003 | ES-MaACL | ||
| 005 | 20230906195936.0 | ||
| 007 | t| | ||
| 008 | 070214s1928 xxu r ||||1| eng d | ||
| 100 | 1 |
_aSchmalhausen, Samuel Daniel. _9104443 |
|
| 245 | 1 | 0 |
_aWhy we misbehave / _cby Samuel Schmalhausen. |
| 260 |
_aNew York : _bThe Macaulay Company, _c1928. |
||
| 300 |
_a312 p. ; _c22 cm. |
||
| 852 |
_aES-MaACL _jA-3146 |
||
| 999 |
_c139901 _d139901 |
||